Two hieratic funerary papyri of Nesmin /

محفوظ في:

المؤلف الرئيسي: Haikal, Fayza Mohamed Hussein (مؤلف)

مؤلف مشترك: British Museum. Department of Manuscripts.

التنسيق: كتاب

اللغة: English

منشور في: Bruxelles : Fondation Egyptologique Reine Elisabeth, 1970-1972.

سلاسل: Bibliotheca Aegyptiaca ; 14-15.
BiAeg ; 14-15.

الموضوعات:

الوسوم: إضافة وسم

لا توجد وسوم, كن أول من يضع وسما على هذه التسجيلة!

رقم الطلب: PJ1025 .B53 v.14-15

LEADER 01056nam a22002777a 4500
003 OSt
005 20251013081546.0
008 251013m19701972be ah 000 0 eng d
040 |c ARCE Library 
050 1 4 |a PJ1025  |b .B53 v.14-15 
100 1 |a Haikal, Fayza Mohamed Hussein,  |e author 
245 1 0 |a Two hieratic funerary papyri of Nesmin /   |c [Edited by Fayza Mohamed Hussein Haikal]. 
264 1 |a Bruxelles :   |b Fondation Egyptologique Reine Elisabeth,   |c 1970-1972. 
300 |a 2 volumes :   |b illustrations, Facsimiles ;   |c 24 cm. 
490 1 |a Bibliotheca Aegyptiaca ;   |v 14-15. 
490 1 |a BiAeg ;   |v 14-15. 
500 |a Edition of pap.BM.10209 and pap.BM 10208 in the British Museum. 
500 |a The author's thesis, Oxford. 
505 0 |g 1.  |t Introduction, transcriptions and plates--  |g 2.  |t Translation and commentary. 
650 0 |a Egyptian language. 
710 2 |a British Museum.  |b Department of Manuscripts. 
830 0 |a Bibliotheca Aegyptiaca ;   |v 14-15. 
830 0 |a BiAeg ;   |v 14-15. 
901 |a reviewed 
942 |c BK  |2 lcc 
999 |c 24303  |d 24303